Kreativiti dan pendidikan : suatu kajian psikologi dan falsafah

Bibliographic Details
Main Author: Hasan Langgulung
Format: Book
Published: Kuala Lumpur : DBP , 1991
Subjects:

MARC

LEADER 00000cam a2200000 7i4500
001 0000004103
002 000004415
005 20131101.0
020 |a 9836222030 
090 0 0 |a 153.35   |b HAS 
100 1 |a Hasan Langgulung 
245 1 0 |a Kreativiti dan pendidikan :   |b suatu kajian psikologi dan falsafah   |c Hasan Langgulung 
260 |a Kuala Lumpur :   |b DBP ,   |c 1991 
300 |a 362p. ;   |c 22cm. 
650 0 0 |a Psychology   |x Education 
999 |a 033415   |b BUKU   |c PINJAMAN   |e PERPUSTAKAAN KOMUNITI PETALING JAYA